Largest Indian ocean Cities - Statistics

General Stats
  • This quiz has been taken 877 times
    377 since last reset
  • The average score is 18 of 36
Answer Stats
Population Region City % Correct
24,200,000 South Asia Mumbai
96%
30,300,000 SE Asia Jakarta
90%
16,900,000 South Asia Karachi
86%
4,650,000 Middle East Dubai
80%
16,400,000 South Asia Kolkatta
80%
10,700,000 South Asia Chennai
79%
7,750,000 SE Asia Singapore
75%
4,750,000 South Asia Colombo
69%
2,000,000 Oceania Perth
67%
2,350,000 Middle East Doha
66%
8,450,000 SE Asia Kuala Lumpur
66%
5,400,000 SE Asia Yangon
65%
1,500,000 Middle East Abu Dhabi
64%
1,850,000 East Africa Mogadishu
64%
5,900,000 East Africa Dar es Salaam
61%
3,350,000 South Africa Durban
60%
2,750,000 East Africa Maputo
55%
4,650,000 Middle East Jeddah
54%
4,750,000 South Asia Chittagong
51%
4,500,000 Middle East Kuwait City
51%
4,900,000 SE Asia Surabaya
49%
1,500,000 Middle East Manama
46%
6,300,000 South Asia Surat
43%
3,600,000 SE Asia Medan
39%
1,400,000 South Africa Port Elizabeth
37%
2,400,000 Middle East Dammam
36%
1,600,000 South Asia Kochi
33%
2,100,000 South Asia Visakhapatnam
26%
1,700,000 South Asia Trivandrum
20%
1,700,000 SE Asia Denpasar
19%
2,100,000 SE Asia Georgetown
18%
1,900,000 SE Asia Makassar
18%
2,100,000 SE Asia Semarang
13%
2,150,000 South Asia Vadodara
8%
2,118,000 South Asia Cochin
6%
1,500,000 SE Asia Malang
5%
No matching quizzes found
Score Distribution
Percent of People with Each Score
Percentile by Number Answered
Your Score History
You have not taken this quiz since the last reset